| 000 | 00544nam a2200169 i 4500 | ||
|---|---|---|---|
| 001 | 149195 | ||
| 003 | ES-MaACL | ||
| 005 | 20230906203009.0 | ||
| 007 | t| | ||
| 008 | 071019s1969 sp |||| | spa d | ||
| 100 | 1 |
_aVega y Relea, Juvenal de. _9113635 |
|
| 245 | 1 | 0 |
_aIdeas para una planificación general de la educación española / _cJuvenal de Vega y Relea. |
| 260 |
_aMadrid : _b[s.n.], _c1969 ( _fGráf. Benzal) |
||
| 300 |
_a82 p. ; _c19 cm. |
||
| 650 | 4 |
_aEnseñanza- _zEspaña- _xPlanificación. _9168914 |
|
| 852 |
_aES-MaACL _jC-51179 |
||
| 999 |
_c149195 _d149195 |
||